Základní kura japonštiny

Na minha lista:
Detalhes bibliográficos
Autor principal: Kraemerová, Alice
Formato: Livro
Idioma:tcheco
Publicado em: Praha Stát. ped. nakl. 1988
Edição:1. vyd.
Colecção:Univ. Karlova v Praze
Tags: Adicionar Tag
Sem tags, seja o primeiro a adicionar uma tag!

MARC

LEADER 00000nam a2200000 4500
001 c026620
005 20221219090013.0
041 0 |a cze 
044 |a CZ 
245 1 0 |a Základní kura japonštiny  |c Alice Kraemerová 
250 |a 1. vyd. 
264 1 |a Praha  |b Stát. ped. nakl.  |c 1988 
300 |a 250 s. 
490 1 |a Univ. Karlova v Praze 
830 0 |a Univ. Karlova v Praze 
100 1 |a Kraemerová, Alice